[Event "17ème Open International de La Réunion"]
[Site "Saint Denis"]
[Date "2015.10.10"]
[Round "4.28"]
[White "Hubert, Nathan"]
[Black "Sawmynaden, Righen"]
[Result "0-1"]
[WhiteElo "1020"]
[BlackElo "1399"]
[PlyCount "64"]
[EventDate "2015.??.??"]

1. d4 Nf6 2. c4 e6 3. Nc3 d5 4. Bf4 c6 5. Nf3 Nbd7 6. Be3 dxc4 7. Bg5 h6 8.
Bxf6 Nxf6 9. e4 Bb4 10. Bxc4 Nxe4 11. Qd3 Qa5 12. Rc1 Nxc3 13. bxc3 Ba3 14. Rc2
b5 15. Qe4 O-O 16. Bd3 g6 17. Nh4 f5 18. Qxc6 Rb8 19. Nxg6 Rb6 20. Qf3 Rf6 21.
Qg3 Kh7 22. Nh4 Bd6 23. f4 Rb7 24. O-O Rg7 25. Qf3 Bb7 26. Bxf5+ exf5 27. Qd3
Be4 28. Qd1 Qc7 29. Rcf2 Rg4 30. g3 Rxh4 31. Rf3 Rg6 32. Kf2 Rxh2+ 0-1

[Event "17ème Open International de La Réunion"]
[Site "Saint Denis"]
[Date "2015.10.10"]
[Round "4.29"]
[White "Sawmynaden, Vicken"]
[Black "Leccia, Thomas"]
[Result "1-0"]
[WhiteElo "1399"]
[BlackElo "1162"]
[PlyCount "33"]
[EventDate "2015.??.??"]

1. d4 Nf6 2. e4 Nxe4 3. Bd3 Nf6 4. Bg5 e6 5. Nc3 Be7 6. Nf3 d5 7. Qd2 O-O 8. h4
g6 9. Bxf6 Bxf6 10. h5 a6 11. hxg6 fxg6 12. Qh6 Rf7 13. Ne5 Bg5 14. Qh2 Re7 15.
Bxg6 Kg7 16. Qxh7+ Kf6 17. Ng4# 1-0

[Event "17ème Open International de La Réunion"]
[Site "Saint Denis"]
[Date "2015.10.10"]
[Round "4.30"]
[White "Vincent, Theo"]
[Black "Sandjivy, Mateo"]
[Result "0-1"]
[WhiteElo "1009"]
[BlackElo "1384"]
[PlyCount "64"]
[EventDate "2015.??.??"]

1. e4 e5 2. Nf3 Nc6 3. Bc4 Bc5 4. Nc3 Nf6 5. d3 h6 6. Qe2 Na5 7. Bb3 Nxb3 8.
cxb3 d6 9. O-O a6 10. a3 O-O 11. Bxh6 gxh6 12. Qd2 Kg7 13. d4 Bb6 14. dxe5 dxe5
15. Qxd8 Rxd8 16. Nxe5 Rg8 17. Nc4 Be6 18. Nxb6 cxb6 19. e5 Nd7 20. Rfe1 Kh7
21. Rad1 Bh3 22. Rd6 Rxg2+ 23. Kh1 Rxf2 24. Re3 Be6 25. Nd5 Rg8 26. a4 Rgg2 27.
Nf4 Rxh2+ 28. Kg1 Nf8 29. Nh5 Rfg2+ 30. Kf1 Bh3 31. Nf6+ Kg6 32. Rxb6 Rh1# 0-1

[Event "17ème Open International de La Réunion"]
[Site "Saint Denis"]
[Date "2015.10.10"]
[Round "4.31"]
[White "Romain, Juliane"]
[Black "Pun Chung, Leo"]
[Result "1-0"]
[WhiteElo "1364"]
[BlackElo "1199"]
[PlyCount "53"]
[EventDate "2015.??.??"]

1. e4 e5 2. Nf3 Nc6 3. Bc4 Be7 4. c3 Nf6 5. d3 O-O 6. Bb3 d6 7. h3 h6 8. Nbd2
Na5 9. Bc2 Be6 10. O-O Nc6 11. d4 exd4 12. cxd4 d5 13. e5 Nd7 14. Re1 f6 15.
Nf1 fxe5 16. dxe5 Bb4 17. Re2 Nb6 18. Ng3 Qd7 19. Qd3 Rf7 20. a3 Bc5 21. b4
Bxf2+ 22. Rxf2 g5 23. Qg6+ Rg7 24. Qxh6 g4 25. Ng5 Nxe5 26. Nxe6 Nf7 27. Qxg7#
1-0

[Event "17ème Open International de La Réunion"]
[Site "Saint Denis"]
[Date "2015.10.10"]
[Round "4.32"]
[White "Jouve, Marius"]
[Black "Leccia, Antoine"]
[Result "0-1"]
[WhiteElo "1430"]
[BlackElo "1169"]
[PlyCount "154"]
[EventDate "2015.??.??"]

1. e4 e5 2. Nf3 Nc6 3. Bc4 Bc5 4. Nc3 Nf6 5. d3 d6 6. h3 h6 7. O-O Be6 8. Bb3
O-O 9. Bd2 Qd7 10. Bxe6 fxe6 11. Na4 Bb6 12. Nxb6 axb6 13. c3 d5 14. Re1 d4 15.
c4 Ne7 16. Nxe5 Qd6 17. f4 Nd7 18. Nxd7 Qxd7 19. Rf1 c5 20. Qg4 Kh7 21. g3 Nc6
22. f5 exf5 23. Rxf5 Rxf5 24. Qxf5+ Qxf5 25. exf5 Ne5 26. Kg2 Nxd3 27. b3 Ne5
28. a4 Rf8 29. g4 g6 30. fxg6+ Kxg6 31. Rf1 Rxf1 32. Kxf1 h5 33. g5 Nf3 34. Bc1
Nxg5 35. h4 Nf3 36. Bf4 Nxh4 37. Bc7 d3 38. Ke1 Nf3+ 39. Kf2 d2 40. Ke2 h4 41.
Bxb6 h3 42. Bc7 h2 43. Bxh2 Nxh2 44. Kxd2 Kf6 45. Ke3 Ke5 46. Kd3 Nf3 47. Kc3
Nd4 48. b4 Ne2+ 49. Kb3 Nc1+ 50. Kc3 Na2+ 51. Kb3 Nxb4 52. Kc3 b6 53. Kb3 Kd4
54. Kb2 Kxc4 55. Ka3 Kc3 56. a5 bxa5 57. Ka4 Kb2 58. Kxa5 c4 59. Kxb4 c3 60.
Kc4 c2 61. Kd3 c1=Q 62. Kd4 Kb3 63. Kd5 Qc4+ 64. Kd6 Kb4 65. Ke5 Qd3 66. Ke6
Qd4 67. Kf5 Qe3 68. Kf6 Qe4 69. Kg5 Qf3 70. Kg6 Qf4 71. Kg7 Qf5 72. Kh6 Qg4 73.
Kh7 Kc5 74. Kh6 Kd6 75. Kh7 Ke6 76. Kh6 Kf6 77. Kh7 Qg7# 0-1

[Event "17ème Open International de La Réunion"]
[Site "Saint Denis"]
[Date "2015.10.10"]
[Round "4.33"]
[White "Boyer, Mathis"]
[Black "Caminade, Hugo"]
[Result "0-1"]
[WhiteElo "1210"]
[BlackElo "1247"]
[PlyCount "96"]
[EventDate "2015.??.??"]

1. e4 d6 2. Nf3 g6 3. Bc4 Bg7 4. Ng5 e6 5. Nc3 Qxg5 6. g3 Qd8 7. d3 c5 8. Be3
Nc6 9. Na4 a6 10. c3 b5 11. Bb3 bxa4 12. Bxa4 Bb7 13. Qb3 Qc7 14. d4 d5 15.
exd5 exd5 16. Qxd5 Rd8 17. Qxc5 Nge7 18. O-O O-O 19. Bf4 Qd7 20. Be5 Qd5 21.
Bxg7 Kxg7 22. Qxd5 Rxd5 23. Bxc6 Bxc6 24. Rae1 Nc8 25. Re3 Nd6 26. Rd1 Nc4 27.
Re2 Rd6 28. b3 Bf3 29. bxc4 Bxe2 30. Re1 Bxc4 31. a3 Rc8 32. Rb1 Bb5 33. Rb3
Ba4 34. Rb4 Bd1 35. Rb1 Bc2 36. Ra1 Rxc3 37. d5 Rxd5 38. Kg2 Be4+ 39. Kh3 Rh5+
40. Kg4 Bf5+ 41. Kf4 Rc4+ 42. Kf3 Bg4+ 43. Kg2 Rc2 44. Rf1 Rf5 45. Kg1 Bh3 46.
Re1 Rfxf2 47. a4 Rg2+ 48. Kf1 Rcf2# 0-1

[Event "17ème Open International de La Réunion"]
[Site "Saint Denis"]
[Date "2015.10.10"]
[Round "4.34"]
[White "Collet, Marine Celine Theres"]
[Black "Dazin, Nathan"]
[Result "0-1"]
[WhiteElo "1450"]
[BlackElo "1199"]
[PlyCount "74"]
[EventDate "2015.??.??"]

1. d4 d5 2. c4 Nf6 3. cxd5 Nxd5 4. e4 Nf6 5. Nc3 e5 6. d5 c6 7. Bg5 h6 8. Bxf6
Qxf6 9. Qf3 Qxf3 10. Nxf3 Bb4 11. Nxe5 O-O 12. Bd3 Bxc3+ 13. bxc3 Re8 14. Nf3
Bf5 15. O-O Bxe4 16. Rfe1 cxd5 17. c4 Na6 18. Nd2 Bxd3 19. Rxe8+ Rxe8 20. cxd5
Rd8 21. d6 Rxd6 22. h4 Be2 23. Ne4 Rd1+ 24. Rxd1 Bxd1 25. f4 b6 26. Kf2 Nc5 27.
Nc3 Bc2 28. g4 Ne4+ 29. Nxe4 Bxe4 30. Kg3 a5 31. f5 g6 32. fxg6 fxg6 33. Kf4
Bc2 34. a3 b5 35. Ke5 b4 36. a4 b3 37. Kf6 Kh7 0-1

[Event "17ème Open International de La Réunion"]
[Site "Saint Denis"]
[Date "2015.10.10"]
[Round "4.35"]
[White "Laoussing, Mathis"]
[Black "Alex-Geerjanan, Nils"]
[Result "1-0"]
[WhiteElo "1270"]
[BlackElo "1120"]
[PlyCount "31"]
[EventDate "2015.??.??"]

1. e4 e5 2. Nf3 Nc6 3. Bc4 Bc5 4. Nc3 Nf6 5. d3 d6 6. Be3 Bb6 7. Qd2 O-O 8.
O-O-O Ba5 9. Bg5 h6 10. Bh4 Bb6 11. Nd5 Bd4 12. Nxd4 exd4 13. Nxf6+ gxf6 14.
Qxh6 Ne5 15. Bxf6 Ng4 16. Qg7# 1-0

[Event "17ème Open International de La Réunion"]
[Site "Saint Denis"]
[Date "2015.10.10"]
[Round "4.36"]
[White "Poudroux, Mathilde"]
[Black "Boyer, Frederick"]
[Result "1-0"]
[WhiteElo "1199"]
[BlackElo "1200"]
[PlyCount "58"]
[EventDate "2015.??.??"]

1. e4 e5 2. Nf3 Nc6 3. d4 f5 4. exf5 d6 5. d5 Nce7 6. Bg5 Nf6 7. Bc4 h6 8. Bxf6
gxf6 9. Qd3 c6 10. b4 Bxf5 11. Qe3 Bxc2 12. Nc3 Nf5 13. Qe2 Qb6 14. Qxc2 Qxb4
15. Nd2 b5 16. a3 Nd4 17. Qc1 Qxc4 18. Nxc4 Nb3 19. Qb2 Nxa1 20. Qxa1 bxc4 21.
dxc6 Kd8 22. Nd5 a5 23. Nxf6 Kc7 24. Qc1 Rb8 25. O-O Bg7 26. Nd7 Rbd8 27. Qxc4
Ra8 28. Qb5 e4 29. Qb7+ Kd8 1-0

[Event "17ème Open International de La Réunion"]
[Site "Saint Denis"]
[Date "2015.10.10"]
[Round "5.1"]
[White "Sharma, Dinesh K"]
[Black "Harshal, Shahi"]
[Result "1/2-1/2"]
[WhiteElo "2356"]
[BlackElo "2079"]
[PlyCount "57"]
[EventDate "2015.??.??"]

1. e4 c5 2. Nf3 Nc6 3. d4 cxd4 4. Nxd4 e5 5. Nb5 d6 6. c4 a6 7. N5c3 Be6 8. Bd3
Be7 9. O-O Bg5 10. Na3 Bxc1 11. Rxc1 Nge7 12. Qd2 O-O 13. Rfd1 Qb6 14. Nc2 Rad8
15. b3 Kh8 16. Ne3 Nd4 17. Ne2 Nec6 18. Nxd4 Nxd4 19. Nc2 Bg4 20. Re1 Nc6 21.
Bf1 Be6 22. Re3 f5 23. exf5 Bxf5 24. Bd3 d5 25. Bxf5 dxc4 26. Bd7 Na5 27. Qe2
Rxd7 28. bxc4 Nc6 29. Rf3 1/2-1/2

[Event "17ème Open International de La Réunion"]
[Site "Saint Denis"]
[Date "2015.10.10"]
[Round "5.2"]
[White "Ralison, Milanto Harifidy"]
[Black "Gretry, Patrice"]
[Result "1/2-1/2"]
[WhiteElo "2046"]
[BlackElo "1997"]
[PlyCount "75"]
[EventDate "2015.??.??"]

1. e4 d6 2. d4 Nf6 3. Nc3 g6 4. f3 c6 5. a4 Bg7 6. Be3 Nbd7 7. Bc4 O-O 8. Nge2
Nb6 9. Bb3 d5 10. e5 Ne8 11. a5 Nc4 12. Bxc4 dxc4 13. Ne4 Nc7 14. Qd2 Nd5 15.
Bh6 Bf5 16. Bxg7 Kxg7 17. g4 Be6 18. h4 f6 19. h5 Rh8 20. Nc5 Bc8 21. g5 f5 22.
Nf4 Nxf4 23. Qxf4 Rb8 24. hxg6 hxg6 25. Rxh8 Qxh8 26. e6 Qh1+ 27. Ke2 Qxa1 28.
Qe5+ Kh7 29. Qh2+ Kg8 30. Qxb8 Qxb2 31. Qxc8+ Kg7 32. Qc7 Qxc2+ 33. Kf1 Qd1+
34. Kg2 Qe2+ 35. Kg3 Qe1+ 36. Kg2 Qe2+ 37. Kg3 Qe1+ 38. Kg2 1/2-1/2

[Event "17ème Open International de La Réunion"]
[Site "Saint Denis"]
[Date "2015.10.10"]
[Round "5.3"]
[White "Desire, Michael"]
[Black "Lorans, Sylvain"]
[Result "0-1"]
[WhiteElo "1783"]
[BlackElo "2188"]
[PlyCount "112"]
[EventDate "2015.??.??"]

1. d4 Nf6 2. c4 e6 3. Nc3 Bb4 4. Bf4 O-O 5. Nf3 c5 6. e3 cxd4 7. exd4 d5 8. Bd3
b6 9. O-O dxc4 10. Bxc4 Bb7 11. a3 Bxc3 12. bxc3 Nc6 13. Re1 Rc8 14. Bd3 Na5
15. Qc2 Bxf3 16. gxf3 Qd5 17. Be4 Nxe4 18. fxe4 Qxd4 19. cxd4 Rxc2 20. d5 exd5
21. exd5 Rc4 22. Bg3 Rd4 23. d6 Rd8 24. Rad1 Rxd1 25. Rxd1 Nb7 26. Re1 h5 27.
Re7 Nxd6 28. Rxa7 Nc4 29. a4 Rd4 30. Bc7 h4 31. h3 Rd3 32. Kg2 Kh7 33. Ra8 Rd7
34. Bf4 Kg6 35. Rc8 Rd4 36. Rc6+ f6 37. Bc7 Nd2 38. Rd6 Rxd6 39. Bxd6 Kf5 40.
Bc7 Nc4 41. f4 Ke4 42. Kf2 Kd5 43. Bd8 Kd6 44. Kf3 Kd7 45. Bxb6 Nxb6 46. a5 Nd5
47. f5 Kd6 48. Ke4 Kc5 49. a6 Nc7 50. a7 Kc4 51. Kf4 Kd4 52. Kg4 Ke4 53. Kxh4
Kxf5 54. Kg3 Ke4 55. Kf2 Kf4 56. Kg2 Ke3 0-1

[Event "17ème Open International de La Réunion"]
[Site "Saint Denis"]
[Date "2015.10.10"]
[Round "5.4"]
[White "Bah, Ismael"]
[Black "Mezouaghi, Miloud"]
[Result "0-1"]
[WhiteElo "1754"]
[BlackElo "2074"]
[PlyCount "60"]
[EventDate "2015.??.??"]

1. Nf3 c5 2. d4 cxd4 3. Qxd4 Nc6 4. Qd1 g6 5. c3 Bg7 6. e3 Nf6 7. Bd3 d5 8. O-O
e5 9. Bb5 Qc7 10. c4 dxc4 11. Bxc4 O-O 12. Be2 Rd8 13. Qa4 Bd7 14. Qc4 Rac8 15.
Nc3 a6 16. Ng5 Be8 17. Nge4 Nxe4 18. Qxe4 f5 19. Qh4 e4 20. f3 exf3 21. Bxf3
Ne5 22. Bd5+ Kh8 23. e4 fxe4 24. Bxe4 Bc6 25. Bh6 Rd4 26. Bxg7+ Qxg7 27. Rae1
Re8 28. Rf2 Bxe4 29. Nxe4 Nd3 30. Qf6 Nxe1 0-1

[Event "17ème Open International de La Réunion"]
[Site "Saint Denis"]
[Date "2015.10.10"]
[Round "5.5"]
[White "Schneider, Wolfram"]
[Black "Ratsimikatry, Caryl Patrick"]
[Result "0-1"]
[WhiteElo "1988"]
[BlackElo "1836"]
[PlyCount "106"]
[EventDate "2015.??.??"]

1. d4 Nf6 2. Nf3 e6 3. c4 d5 4. Bg5 h6 5. Bh4 Be7 6. e3 Ne4 7. Bxe7 Qxe7 8. Nc3
Nxc3 9. bxc3 O-O 10. Bd3 Nd7 11. O-O b6 12. e4 dxe4 13. Bxe4 Rb8 14. Re1 Bb7
15. Qa4 Bxe4 16. Rxe4 Qd6 17. Rae1 Nf6 18. Re5 Rfc8 19. h3 c5 20. Qa6 cxd4 21.
cxd4 Qc7 22. Rc1 Rd8 23. Ree1 Rd7 24. Qb5 Rbd8 25. a4 Ne8 26. Qb4 Qf4 27. a5
bxa5 28. Qxa5 Nd6 29. Qe5 Qxe5 30. Nxe5 Rc7 31. g4 g5 32. Red1 f6 33. c5 fxe5
34. cxd6 Rxc1 35. Rxc1 exd4 36. Rc6 Kf7 37. h4 Kf6 38. Ra6 Ke5 39. hxg5 hxg5
40. Kf1 Rxd6 41. Rxa7 d3 42. Ke1 d2+ 43. Kd1 Kf4 44. Rf7+ Kxg4 45. Rf8 e5 46.
f3+ Kg3 47. Rf5 Rd5 48. Rxg5+ Kxf3 49. Rh5 Kg4 50. Rh2 e4 51. Re2 Kf3 52. Rh2
e3 53. Re2 Ra5 0-1

[Event "17ème Open International de La Réunion"]
[Site "Saint Denis"]
[Date "2015.10.10"]
[Round "5.6"]
[White "Ringayen, Rose-May"]
[Black "Horny, Guenter"]
[Result "1-0"]
[WhiteElo "1661"]
[BlackElo "1878"]
[PlyCount "93"]
[EventDate "2015.??.??"]

1. e4 c5 2. Nf3 d6 3. Bb5+ Bd7 4. Bxd7+ Qxd7 5. O-O g6 6. d4 Bg7 7. dxc5 dxc5
8. Qxd7+ Nxd7 9. c3 e6 10. Bf4 Ngf6 11. Nbd2 O-O 12. Rfe1 Rfd8 13. Nc4 b5 14.
Nce5 Nh5 15. Nxd7 Rxd7 16. Be3 b4 17. Bxc5 bxc3 18. bxc3 Bxc3 19. Rad1 Rc7 20.
Bd6 Rd7 21. Bc5 Rc7 22. Bd6 Rc6 23. Rc1 Rd8 24. Be5 Rdc8 25. Bxc3 Rxc3 26. Rxc3
Rxc3 27. Kf1 Nf4 28. Nd4 a6 29. Ne2 Nxe2 30. Rxe2 Kf8 31. f3 Ke7 32. Kf2 Kd6
33. Re3 Rc4 34. Rd3+ Kc6 35. Rd2 a5 36. h4 a4 37. g4 Rb4 38. Kg3 e5 39. Rd5 Rb5
40. Rd2 Kc5 41. Rd7 Rb2 42. Rxf7 Rxa2 43. Rxh7 a3 44. Ra7 Ra1 45. h5 gxh5 46.
gxh5 a2 47. Kg2 1-0

[Event "17ème Open International de La Réunion"]
[Site "Saint Denis"]
[Date "2015.10.10"]
[Round "5.7"]
[White "Payet, Jean-Claude"]
[Black "Duprey, Francois-Xavier"]
[Result "1-0"]
[WhiteElo "1872"]
[BlackElo "1720"]
[PlyCount "59"]
[EventDate "2015.??.??"]

1. e4 c5 2. Nf3 d6 3. d4 cxd4 4. Nxd4 Nf6 5. Nc3 g6 6. Be3 Bg7 7. f3 O-O 8. Bc4
Nc6 9. Qd2 Bd7 10. Bb3 Ne5 11. g4 Rc8 12. O-O-O Rxc3 13. Qxc3 Nxf3 14. Nxf3
Nxe4 15. Qb4 Nc5 16. Bxc5 dxc5 17. Qd2 Qb6 18. Qxd7 Qf6 19. c3 Qxf3 20. Kb1
Qe4+ 21. Bc2 Qf4 22. Qxe7 b5 23. Qxc5 Qxg4 24. Qxb5 Qf4 25. Qa4 Qe5 26. Qe4 Qb5
27. Qd5 Qb6 28. Rhf1 Bxc3 29. Bb3 Bf6 30. Qd6 1-0

[Event "17ème Open International de La Réunion"]
[Site "Saint Denis"]
[Date "2015.10.10"]
[Round "5.8"]
[White "Jotee, Ashvin"]
[Black "Riviere, Etienne"]
[Result "1/2-1/2"]
[WhiteElo "1399"]
[BlackElo "1846"]
[PlyCount "54"]
[EventDate "2015.??.??"]

1. c4 c5 2. Nf3 Nf6 3. Nc3 Nc6 4. d4 cxd4 5. Nxd4 e6 6. a3 Be7 7. e4 d6 8. Be2
O-O 9. O-O Qc7 10. Be3 Bd7 11. f4 Ne8 12. Qc2 Bf6 13. Rad1 Nxd4 14. Bxd4 Bxd4+
15. Rxd4 Qc5 16. Rfd1 e5 17. fxe5 dxe5 18. b4 Qxd4+ 19. Rxd4 exd4 20. Nd5 Nd6
21. Qd3 Rfd8 22. Qxd4 Be6 23. Bf3 Kf8 24. c5 Ne8 25. Qc3 Rac8 26. a4 Nc7 27.
Qe5 Na6 1/2-1/2

[Event "17ème Open International de La Réunion"]
[Site "Saint Denis"]
[Date "2015.10.10"]
[Round "5.9"]
[White "Rajaonson, Andriamahenina"]
[Black "Neu, Jeannot"]
[Result "1-0"]
[WhiteElo "1840"]
[BlackElo "1694"]
[PlyCount "55"]
[EventDate "2015.??.??"]

1. e4 c5 2. Nf3 Nc6 3. d4 cxd4 4. Nxd4 Nf6 5. Nc3 e5 6. Nb3 Bb4 7. Bd3 d5 8.
exd5 Nxd5 9. Bd2 Nxc3 10. bxc3 Bd6 11. O-O O-O 12. Re1 Qc7 13. Qh5 g6 14. Qh6
Be6 15. c4 Nb4 16. Re4 b6 17. Rh4 f6 18. Be4 Rac8 19. c3 Na6 20. Re1 Bxc4 21.
f4 exf4 22. Bxg6 Rf7 23. Bf5 Bd5 24. Nd4 Rd8 25. Rg4+ Rg7 26. Bxh7+ Kf8 27.
Qxf6+ Qf7 28. Qxd8+ 1-0

[Event "17ème Open International de La Réunion"]
[Site "Saint Denis"]
[Date "2015.10.10"]
[Round "5.10"]
[White "Frelicot, Eric"]
[Black "Dace, Jean Emeric"]
[Result "1-0"]
[WhiteElo "1787"]
[BlackElo "1399"]
[PlyCount "100"]
[EventDate "2015.??.??"]

1. c4 g6 2. Nc3 Bg7 3. g3 b6 4. Bg2 Nc6 5. Nf3 Nf6 6. O-O O-O 7. d4 e6 8. Bg5
h6 9. Bd2 Rb8 10. d5 exd5 11. cxd5 Ne7 12. d6 cxd6 13. Bf4 Bb7 14. Bxd6 Ra8 15.
Rc1 a6 16. e4 Kh7 17. Re1 Re8 18. e5 Nfg8 19. Ng5+ hxg5 20. Bxb7 Ra7 21. Be4
Nh6 22. Nd5 Nc6 23. Nf6+ Bxf6 24. exf6 Re6 25. Bxc6 dxc6 26. Rxe6 fxe6 27. Be7
Qe8 28. Qf3 c5 29. Rd1 Rd7 30. Rxd7 Qxd7 31. f7 g4 32. f8=N+ Kg8 33. Nxd7 gxf3
34. Nxb6 Kf7 35. Bxc5 Kf6 36. h3 Kf5 37. Nc4 g5 38. g4+ Kf6 39. Bd4+ Ke7 40.
Nd2 Kd6 41. Nxf3 Nf7 42. Be3 e5 43. Nxg5 Nh8 44. h4 Ke7 45. h5 Kf6 46. Ne4+ Ke6
47. f3 Kd5 48. g5 Kc4 49. g6 Kd3 50. Kf2 Nxg6 1-0

[Event "17ème Open International de La Réunion"]
[Site "Saint Denis"]
[Date "2015.10.10"]
[Round "5.11"]
[White "Hoareau, Noe"]
[Black "Desor, Helmut"]
[Result "1-0"]
[WhiteElo "1495"]
[BlackElo "1767"]
[PlyCount "47"]
[EventDate "2015.??.??"]

1. e4 d6 2. d4 Nf6 3. Nc3 g6 4. Nf3 Nbd7 5. Bc4 Bg7 6. Bxf7+ Kxf7 7. Ng5+ Kg8
8. Ne6 Qe8 9. Nxc7 Qd8 10. Nxa8 b6 11. O-O Ba6 12. Re1 Qxa8 13. e5 Ne8 14. Qg4
Nf8 15. Bg5 Bc8 16. Qe2 dxe5 17. Bxe7 Qb7 18. Bxf8 Kxf8 19. dxe5 Be6 20. Ne4
Ke7 21. Rad1 Nc7 22. Qd3 Qc6 23. Qd6+ Qxd6 24. exd6+ 1-0

[Event "17ème Open International de La Réunion"]
[Site "Saint Denis"]
[Date "2015.10.10"]
[Round "5.12"]
[White "Genne, Rene"]
[Black "Cochard, Franck-Olivier"]
[Result "1/2-1/2"]
[WhiteElo "1727"]
[BlackElo "1646"]
[PlyCount "120"]
[EventDate "2015.??.??"]

1. b4 e6 2. Bb2 Nf6 3. b5 d5 4. e3 Bd6 5. a4 a6 6. c4 c6 7. Nf3 O-O 8. Be2 axb5
9. cxb5 Ne4 10. O-O Bd7 11. bxc6 bxc6 12. Nc3 Nxc3 13. Bxc3 c5 14. Qc2 Be7 15.
h3 Bc8 16. Rfb1 Ba6 17. Bxa6 Nxa6 18. Rb5 c4 19. Qb2 Bf6 20. Bxf6 Qxf6 21. Qxf6
gxf6 22. a5 Rfb8 23. Rb6 Nc5 24. Rxb8+ Rxb8 25. a6 Kf8 26. Nd4 Ra8 27. a7 Ke8
28. Ra5 Nb7 29. Ra6 Kd7 30. Nb5 Nd8 31. Rb6 Kc8 32. Kf1 f5 33. g4 fxg4 34. hxg4
e5 35. Ke2 Ne6 36. Rd6 d4 37. exd4 Nxd4+ 38. Nxd4 exd4 39. Rxd4 Rxa7 40. Rxc4+
Kd7 41. g5 Ke6 42. Rh4 Kf5 43. Rxh7 Kxg5 44. Rg7+ Kf6 45. Rg3 Re7+ 46. Re3
Rxe3+ 47. fxe3 Ke5 48. Kf3 Kf5 49. d4 f6 50. e4+ Ke6 51. Kf4 Ke7 52. Kf5 Kf7
53. d5 Ke7 54. e5 fxe5 55. Kxe5 Kd7 56. d6 Kd8 57. Ke6 Ke8 58. Kd5 Kd7 59. Kc5
Kd8 60. Kc6 Kc8 1/2-1/2

[Event "17ème Open International de La Réunion"]
[Site "Saint Denis"]
[Date "2015.10.10"]
[Round "5.13"]
[White "Andriandaza, Tombo Omar"]
[Black "Triton, Maxime"]
[Result "1/2-1/2"]
[WhiteElo "1721"]
[BlackElo "1605"]
[PlyCount "120"]
[EventDate "2015.??.??"]

1. d4 Nf6 2. Bf4 e6 3. Nd2 d5 4. Ngf3 Be7 5. c3 b6 6. Ne5 O-O 7. e3 Bb7 8. Bd3
Nbd7 9. Bb5 Nxe5 10. Bxe5 Bd6 11. Nf3 Ne4 12. Bxd6 Qxd6 13. h4 f6 14. Qe2 c5
15. O-O Qe7 16. h5 Kh8 17. g3 Nd6 18. Nh4 Qf7 19. Bd3 f5 20. Kg2 c4 21. Bc2 Ne4
22. Rh1 Kg8 23. Nf3 b5 24. Ne5 Qe8 25. a3 a5 26. Bxe4 dxe4 27. Rh4 Bd5 28. Kf1
Qe7 29. Ng6 hxg6 30. hxg6 Qg5 31. Qh5 Qxh5 32. Rxh5 Rf6 33. Rg5 Kf8 34. Kg2 Ke7
35. Rh1 Bc6 36. Rh7 Rg8 37. g4 Be8 38. Kg3 Rxg6 39. Kf4 Kf6 40. Rxg6+ Bxg6 41.
g5+ Kf7 42. Rh4 Rb8 43. Rh1 b4 44. axb4 axb4 45. Ke5 bxc3 46. bxc3 Rb3 47. Ra1
Rxc3 48. Ra7+ Kg8 49. Kxe6 Rd3 50. d5 f4 51. Ra8+ Kh7 52. d6 fxe3 53. fxe3 Rxe3
54. d7 Rd3 55. d8=Q Rxd8 56. Rxd8 e3 57. Rd1 e2 58. Rh1+ Kg8 59. Ke5 Kf7 60.
Kd4 Bd3 1/2-1/2

[Event "17ème Open International de La Réunion"]
[Site "Saint Denis"]
[Date "2015.10.10"]
[Round "5.14"]
[White "Chan-Faye, Yoann"]
[Black "Folio, Cedric"]
[Result "0-1"]
[WhiteElo "1592"]
[BlackElo "1667"]
[PlyCount "112"]
[EventDate "2015.??.??"]

1. e4 e6 2. d4 b6 3. Nc3 Bb7 4. a3 d5 5. Bb5+ Nd7 6. exd5 exd5 7. Nf3 a6 8. Ba4
b5 9. Bb3 Ngf6 10. O-O Be7 11. Re1 O-O 12. Ne5 Nb6 13. Ne2 c5 14. c3 Re8 15.
Ng3 c4 16. Bc2 Nbd7 17. Nf5 Bf8 18. Bg5 Qc7 19. Bf4 Qc8 20. Qf3 g6 21. Qg3 Nh5
22. Qh4 Nxf4 23. Qxf4 Nxe5 24. dxe5 gxf5 25. Re3 Bg7 26. Rae1 Qc6 27. Rg3 Re6
28. Bxf5 Rg6 29. Bxg6 hxg6 30. Qd4 Bc8 31. Rd1 Be6 32. f4 Qc7 33. Kf2 Qa7 34.
Ke3 Bf8 35. Qxa7 Rxa7 36. Kf3 Be7 37. Ke3 Bh4 38. Rf3 Bg4 39. Rxd5 Bxf3 40.
Kxf3 Kg7 41. g4 Be7 42. g5 Kf8 43. Ke4 Ke8 44. Kd4 Rd7 45. Rxd7 Kxd7 46. Kd5 a5
47. h4 a4 48. Ke4 Ke6 49. f5+ gxf5+ 50. Kf4 Bf8 51. h5 Bg7 52. h6 Bxe5+ 53. Kf3
Kd5 54. h7 Bg7 55. Kf4 Ke6 56. Kf3 Ke5 0-1

[Event "17ème Open International de La Réunion"]
[Site "Saint Denis"]
[Date "2015.10.10"]
[Round "5.15"]
[White "Dijoux, Julien"]
[Black "Mercadal, Theo"]
[Result "1-0"]
[WhiteElo "1908"]
[BlackElo "1143"]
[PlyCount "95"]
[EventDate "2015.??.??"]

1. d4 d5 2. Bf4 Nf6 3. Nf3 Nc6 4. e3 a6 5. a3 e6 6. Nbd2 h6 7. Bd3 Bd6 8. c3 b6
9. Rc1 O-O 10. Bb1 Bb7 11. Qc2 Re8 12. Ne5 Bf8 13. g4 g5 14. Bg3 Bg7 15. Nxc6
Bxc6 16. Be5 Bb7 17. f3 c5 18. Kf1 c4 19. Kg2 b5 20. h3 Kf8 21. Rh2 Ke7 22.
Rhh1 Kd7 23. Rcd1 Rh8 24. b3 Ne8 25. Bxg7 Nxg7 26. bxc4 bxc4 27. e4 Qa5 28. Qb2
Rab8 29. Qb4 Qxb4 30. axb4 Bc6 31. Bc2 h5 32. Ra1 Ra8 33. exd5 exd5 34. Rhe1 h4
35. Kf2 f6 36. Nf1 Rhe8 37. Rxe8 Nxe8 38. Ne3 Nc7 39. Bf5+ Ke7 40. Ke2 Nb5 41.
Kd2 Kf7 42. Bc2 Bb7 43. Nf5 Ke6 44. Re1+ Kf7 45. Re7+ Kf8 46. Rxb7 Ra7 47. Rxa7
Nxa7 48. Ne3 1-0

[Event "17ème Open International de La Réunion"]
[Site "Saint Denis"]
[Date "2015.10.10"]
[Round "5.16"]
[White "Romain, Arnaud"]
[Black "Calmels, Nicolas"]
[Result "0-1"]
[WhiteElo "1575"]
[BlackElo "1945"]
[PlyCount "68"]
[EventDate "2015.??.??"]

1. d4 Nf6 2. c4 e6 3. Nc3 d5 4. Bg5 Be7 5. Nf3 c6 6. e3 Nbd7 7. Qc2 Nf8 8. Ne5
Ne4 9. Bxe7 Qxe7 10. Nxe4 dxe4 11. c5 Ng6 12. Nc4 O-O 13. Qxe4 b6 14. Nd6 bxc5
15. dxc5 Rb8 16. Qc2 Nh4 17. a3 Bd7 18. b4 f5 19. f4 Qf6 20. Rd1 a5 21. Qb3 Kh8
22. Nc4 Be8 23. Nxa5 Bh5 24. Rd4 Rfc8 25. Nc4 Rd8 26. Ne5 Rxd4 27. exd4 g5 28.
g3 gxf4 29. gxf4 Rd8 30. Be2 Ng2+ 31. Kf2 Nxf4 32. Bxh5 Nxh5 33. Nxc6 Qh4+ 34.
Kf1 Qf4+ 0-1

[Event "17ème Open International de La Réunion"]
[Site "Saint Denis"]
[Date "2015.10.10"]
[Round "5.17"]
[White "Assie, Joel"]
[Black "Rajaobelina, Hery"]
[Result "0-1"]
[WhiteElo "1450"]
[BlackElo "1787"]
[PlyCount "66"]
[EventDate "2015.??.??"]

1. d4 Nf6 2. Nf3 g6 3. Bf4 Bg7 4. e3 O-O 5. Nbd2 d6 6. Bd3 Nbd7 7. c3 c5 8. O-O
b6 9. Rb1 cxd4 10. cxd4 Bb7 11. Qe2 a6 12. b3 Nd5 13. Rbc1 Nxf4 14. exf4 e6 15.
Be4 d5 16. Bd3 b5 17. b4 Nb6 18. a3 Nc4 19. Nb1 Qd6 20. g3 Qb6 21. Bxc4 dxc4
22. Rfd1 Bxf3 23. Qxf3 Bxd4 24. Rc2 Rad8 25. Nc3 Bxc3 26. Rxc3 Rxd1+ 27. Qxd1
Rd8 28. Qf3 Qd4 29. Kg2 Qd5 30. h4 Qxf3+ 31. Kxf3 f6 32. Ke4 f5+ 33. Ke5 Kf7
0-1

[Event "17ème Open International de La Réunion"]
[Site "Saint Denis"]
[Date "2015.10.10"]
[Round "5.18"]
[White "Sawmynaden, Righen"]
[Black "Goorsahye, Antoine"]
[Result "1-0"]
[WhiteElo "1399"]
[BlackElo "1741"]
[PlyCount "59"]
[EventDate "2015.??.??"]

1. d4 d5 2. c4 e5 3. cxd5 Qxd5 4. Nf3 e4 5. Nc3 Bb4 6. Qa4+ Nc6 7. Nd2 Qxd4 8.
e3 Qe5 9. Bb5 Qc5 10. Ncxe4 Bxd2+ 11. Bxd2 Qd5 12. Bc3 Bf5 13. Rd1 Qxe4 14.
Qxe4+ Bxe4 15. Bxg7 Bf5 16. Bxh8 f6 17. Bc4 Nce7 18. g4 Bxg4 19. Rd4 Bf5 20.
Rg1 Bg6 21. h4 c6 22. h5 Bf7 23. Bxf7+ Kxf7 24. Rg7+ Ke6 25. Rxh7 Nf5 26. Rdd7
Nge7 27. Rxb7 a5 28. e4 Rd8 29. exf5+ Nxf5 30. Rhf7 1-0